[Event "GER AM05-B email"]
[Site "GER email"]
[Date "2019.06.19"]
[Round "?"]
[White "Epure, Cristian Ion"]
[Black "Siefring, Carl L"]
[Result "1/2-1/2"]
[WhiteElo "2474"]
[BlackElo "2502"]
[PlyCount "60"]
[EventDate "2019.??.??"]
[EventType "tourn (corr)"]
[EventRounds "14"]
[EventCountry "GER"]
[SourceTitle "Corr 2022"]
[Source "ChessBase"]
[SourceDate "2021.10.24"]
[SourceVersion "1"]
[SourceVersionDate "2021.10.24"]
[SourceQuality "1"]

1. e4 c5 2. Nf3 d6 3. d4 cxd4 4. Nxd4 Nf6 5. Nc3 a6 6. Be3 e5 7. Nb3 Be6 8. f3 Be7 9. Qd2 0-0 10. 0-0-0 Nbd7 11. g4 b5 12. g5 b4 13. gxf6 bxc3 14. Qxc3 Nxf6 15. Na5 Rc8 16. Nc6 Qe8 17. Nxe7+ Qxe7 18. Qa5 Rc6 19. Kb1 Rfc8 20. Rd2 Nh5 21. Be2 Nf4 22. Bd1 Qb7 23. h4 h6 24. b3 Kh8 25. Ka1 Rb8 26. Rdh2 Kh7 27. h5 f6 28. Rg1 Nh3 29. Rgh1 Nf4 30. Rg1 Nh3 1/2-1/2

[Event "GER AM05-B email"]
[Site "GER email"]
[Date "2019.06.19"]
[Round "?"]
[White "Nekhaev, Andrey Ivanovich"]
[Black "Siefring, Carl L"]
[Result "1/2-1/2"]
[WhiteElo "2470"]
[BlackElo "2502"]
[PlyCount "74"]
[EventDate "2019.??.??"]
[EventType "tourn (corr)"]
[EventRounds "14"]
[EventCountry "GER"]
[SourceTitle "Corr 2022"]
[Source "ChessBase"]
[SourceDate "2021.10.24"]
[SourceVersion "1"]
[SourceVersionDate "2021.10.24"]
[SourceQuality "1"]

1. e4 c5 2. Nf3 d6 3. d4 cxd4 4. Nxd4 Nf6 5. Nc3 a6 6. f3 e5 7. Nb3 Be6 8. Be3 Be7 9. Qd2 0-0 10. 0-0-0 Nbd7 11. g4 b5 12. g5 b4 13. Ne2 Ne8 14. f4 a5 15. f5 a4 16. fxe6 axb3 17. cxb3 fxe6 18. Bh3 Rxa2 19. Bxe6+ Kh8 20. Ng3 Nc7 21. Bc4 Qa8 22. Rhf1 Rxf1 23. Rxf1 Ra1+ 24. Kc2 Rxf1 25. Bxf1 d5 26. exd5 Nxd5 27. Bf2 Qc6+ 28. Kb1 Nf4 29. Bc4 Nb6 30. Bxb6 Qxb6 31. Qd7 Qd8 32. Qb7 Bxg5 33. Qxb4 h5 34. Qb7 Bf6 35. Ne4 Be7 36. Ng3 Bf6 37. b4 Qd1+ 1/2-1/2

[Event "GER AM05-B email"]
[Site "GER email"]
[Date "2019.06.19"]
[Round "?"]
[White "Schaefer, Uwe"]
[Black "Siefring, Carl L"]
[Result "1/2-1/2"]
[WhiteElo "2473"]
[BlackElo "2502"]
[PlyCount "66"]
[EventDate "2019.??.??"]
[EventType "tourn (corr)"]
[EventRounds "14"]
[EventCountry "GER"]
[SourceTitle "Corr 2022"]
[Source "ChessBase"]
[SourceDate "2021.10.24"]
[SourceVersion "1"]
[SourceVersionDate "2021.10.24"]
[SourceQuality "1"]

1. d4 Nf6 2. c4 g6 3. Nc3 d5 4. Qb3 dxc4 5. Qxc4 Be6 6. Qb5+ Bd7 7. Qb3 c5 8. d5 b5 9. Nxb5 Bg7 10. Nc3 e6 11. e4 0-0 12. Bc4 exd5 13. exd5 Bf5 14. Nf3 Re8+ 15. Be3 Nbd7 16. 0-0 Rb8 17. Qa3 Rb4 18. b3 Ng4 19. Bxc5 Rxc4 20. bxc4 Nxc5 21. Qxc5 Bxc3 22. Rac1 Ba5 23. d6 Re6 24. h3 Bb6 25. Qa3 Nxf2 26. c5 Nd3 27. Nd4 Nxc5 28. Rxc5 Rxd6 29. Nxf5 Rd3 30. Nh6+ Kg7 31. Qc1 Qd4+ 32. Kh1 Bxc5 33. Nxf7 Qe3 1/2-1/2

[Event "GER AM05-B email"]
[Site "GER email"]
[Date "2019.06.19"]
[Round "?"]
[White "Siefring, Carl L"]
[Black "Nogga, Uwe"]
[Result "1/2-1/2"]
[WhiteElo "2502"]
[BlackElo "2462"]
[PlyCount "71"]
[EventDate "2019.??.??"]
[EventType "tourn (corr)"]
[EventRounds "14"]
[EventCountry "GER"]
[SourceTitle "Corr 2022"]
[Source "ChessBase"]
[SourceDate "2021.10.24"]
[SourceVersion "1"]
[SourceVersionDate "2021.10.24"]
[SourceQuality "1"]

1. e4 c5 2. Nf3 Nc6 3. d4 cxd4 4. Nxd4 Nf6 5. Nc3 e5 6. Ndb5 d6 7. Nd5 Nxd5 8. exd5 Nb8 9. a4 Be7 10. Be2 0-0 11. 0-0 f5 12. Bd2 Nd7 13. a5 a6 14. Na3 e4 15. Nc4 Ne5 16. Nb6 Rb8 17. Bc3 Bf6 18. f4 exf3 19. Bxf3 g5 20. h3 Bd7 21. Qd2 g4 22. Be2 gxh3 23. gxh3 Bg7 24. Kh2 Bb5 25. Rg1 Qe7 26. Rae1 Rf6 27. Bd1 Rg6 28. Qf4 Qf6 29. Bh5 Rxg1 30. Rxg1 Kh8 31. Qg5 Qxg5 32. Rxg5 Rf8 33. Bb4 Nc4 34. Nxc4 Bxc4 35. Bxd6 Rd8 36. Bf4 1/2-1/2